Normal view
MARC view
Entry Topical Term
001 - CONTROL NUMBER
- control field: 22263
003 - CONTROL NUMBER IDENTIFIER
- control field: OSt
005 - DATE AND TIME OF LATEST TRANSACTION
- control field: 20220302110908.0
008 - FIXED-LENGTH DATA ELEMENTS
- fixed length control field: 220302|| aca||aabn | a|a d
040 ## - CATALOGING SOURCE
- Original cataloging agency: OSt
- Transcribing agency: OSt
150 ## - HEADING--TOPICAL TERM
- Topical term or geographic name entry element: Inter Bank Payment Systems
670 ## - SOURCE DATA FOUND
- Source citation: Work cat.: (OSt): Sowjanya S Shetty M 22259, Banking Practices: , 2021